000 00614nab a2200193 4500
001 244442
003 OSt
005 20250930130702.0
007 tu
008 200917s2020|||||||
040 _aDE-2950
_cDE-2950
245 0 0 _aLebenshilfe schließt Laden
_bGeschäft. Am 30. September endet der Verkauf in der Lukas-Buchhandlung. Danach werden dort Projekte für Kinder angeboten/
_ctme
264 _c2025
653 _aFrankfurt (Oder)
653 _aLebenshilfe
653 _aLucas-Buchhandlung
773 0 _g36. Jahrgang (2025) Nr. 220 vom 20.09.2025, S. 19 mit Fotos
_tMärkische Oderzeitung
942 _2z
_cA
999 _c374027
_d374027